000
00311nam a22001337a 4500
020
_q
PB.
040
_c
FIZZA ISHAQ
082
_a
551.4571
_b
ERI
100
_a
BIRD, ERIC.
_9
88992
245
_a
COASTED GEOMORPHOLOGY /
_c
ERIC BIRD.
260
_a
CANADA ;
_b
WILEY,
_c
2011.
300
_a
411 P. ;
942
_2
ddc
_c
BK
999
_c
587833
_d
587833